Language Quiz

Random Language or Letter Quiz

'J' Vocabulary (Hard) Quiz Stats

 Plays Quiz Updated Dec 3, 2016

Support Sporcle.
Go Orange.
Score 0/25 Timer 09:00
7 Plays Today
% Correct
jalapeño
94.8%
jackrabbit
93.2%
jinx
92.3%
joust
92.2%
jaundice
92.2%
jittery
91.7%
jubilation
91.3%
jargon
91.2%
juxtaposition
90%
jugular
88.7%
jeopardy
87.4%
jabber
87.1%
jejunum
86.7%
% Correct
jettison
85.1%
juncture
85%
jamboree
84.8%
jeer
84.8%
jiffy
84.1%
jammer
82.8%
jaunt
80.3%
jolt
80.1%
jocular
79.4%
jangle
79%
jape
69.4%
jarring
67.1%

You're not logged in!

Compare scores with friends on all Sporcle quizzes.
OR
Log In

From the Vault

Multiplication Mad Minute

by jayzee33313

Multiplication doesn't make us mad...it makes us glad!
Remove Ads.
Support Sporcle.
Get the best of Sporcle when you Go Orange. This ad-free experience offers more features, more stats, and more fun while also helping to support Sporcle. Thank you for becoming a member.

Show Comments

Extras

Top Quizzes Today


Score Distribution

Your Account Isn't Verified!

In order to create a playlist on Sporcle, you need to verify the email address you used during registration. Go to your Sporcle Settings to finish the process.

Report this User

Report this user for behavior that violates our Community Guidelines.

Details: